Národná banka nad očakávanie úspešne realizovala svoj menový program

Výsledky plnenia menového programu Národnej banky Slovenska v r.1994. Podrobnejšie údaje z nasledovných oblastí: úroková miera, rast vkladov v Sk oproti cudzím menám, stabilizácia výmenného kurzu, ratingové hodnotenie, devízové rezervy, úvery zo zahraničia, vývoj platobnej bilancie, zahraničná zadlž...

Full description

Saved in:
Bibliographic Details
Main Author: Kovalčík, J.
Format: Book Chapter
Language:Slovak
Subjects:
Tags: Add Tag
No Tags, Be the first to tag this record!

MARC

LEADER 00000naa a2200000 4500
001 r024341
005 20221205103019.8
041 0 |a slo 
044 |a SK 
245 1 0 |a Národná banka nad očakávanie úspešne realizovala svoj menový program  |c J. Kovalčík 
520 |a Výsledky plnenia menového programu Národnej banky Slovenska v r.1994. Podrobnejšie údaje z nasledovných oblastí: úroková miera, rast vkladov v Sk oproti cudzím menám, stabilizácia výmenného kurzu, ratingové hodnotenie, devízové rezervy, úvery zo zahraničia, vývoj platobnej bilancie, zahraničná zadlženosť vlády a NBS, financovanie schodku štátneho rozpočtu, clearing s ČR. 
610 2 0 |a NBS Bratislava 
610 2 0 |a banky emisné 
610 2 0 |a Slovensko 
610 2 0 |a program menový 
610 2 0 |a 1994 
610 2 0 |a miera úroková 
610 2 0 |a vklady 
610 2 0 |a kurz výmenný 
610 2 0 |a rating 
610 2 0 |a rezervy devízové 
610 2 0 |a úver zahraničný 
610 2 0 |a bilancia platobná 
610 2 0 |a zadlženosť zahraničná 
610 2 0 |a klíring 
610 2 0 |a zadlženosť vnútorná 
100 1 |a Kovalčík, J.